Luz en ruinas / (Record no. 169300)

MARC details
000 -LEADER
campo de control de longitud fija 00793nam a2200229 i 4500
001 - NÚMERO DE CONTROL
campo de control 169300
003 - IDENTIFICADOR DE NÚMERO DE CONTROL
campo de control ES-MaACL
005 - FECHA Y HORA DE LA ÚLTIMA TRANSACCIÓN
campo de control 20250911062844.0
008 - DATOS DE LONGITUD FIJA--INFORMACIÓN GENERAL
campo de control de longitud fija 080829s2007 sp |||| | spa d
017 ## - NÚMERO DE COPYRIGHT O DE DEPÓSITO LEGAL
Número de copyright o de depósito legal M-49.008-2007
020 ## - NÚMERO INTERNACIONAL ESTÁNDAR DEL LIBRO
Número Internacional Estándar del Libro 978-84-7522-664-4
080 ## - NÚMERO DE LA CLASIFICACIÓN DECIMAL UNIVERSAL
Número de la Clasificación Decimal Universal 821.134.2-14"19"
100 1# - ENTRADA PRINCIPAL--NOMBRE DE PERSONA
Nombre de persona Mínguez Arnáiz, Itzíar.
9 (RLIN) 138399
245 10 - MENCIÓN DEL TÍTULO
Título Luz en ruinas /
Mención de responsabilidad, etc. Itzíar Mínguez Arnáiz.
260 ## - PUBLICACIÓN, DISTRIBUCIÓN, ETC.
Lugar de publicación, distribución, etc. Madrid :
Nombre del editor, distribuidor, etc. Visor Libros,
Fecha de publicación, distribución, etc. 2007.
300 ## - DESCRIPCIÓN FÍSICA
Extensión 55 p. ;
Dimensiones 20 cm.
490 1# - MENCIÓN DE SERIE
Mención de serie Colección Visor de poesía ;
Designación de volumen o secuencia 664
500 ## - NOTA GENERAL
Nota general "XVII Premio de Poesía 'Jaime Gil de Biedma', de la Diputación Provincial de Segovia, Accésit del Ayuntamiento de Segovia"
830 0# - PUNTO DE ACCESO ADICIONAL DE SERIE-TÍTULO UNIFORME
Título uniforme Colección Visor de poesía
Designación de volumen o secuencia 664
9 (RLIN) 177331
852 4# - LOCALIZACIÓN
Ubicación ES-MaACL
Número de control de estantería L-29660
itemnumber R.143164
Holdings
Estatus retirado Estado de pérdida Estado de daño No para préstamo Biblioteca de origen Biblioteca actual Ubicación en estantería Fecha de adquisición Fuente de adquisición Total de préstamos Signatura topográfica completa Código de barras Visto por última vez Precio de reemplazo Tipo de ítem Koha
        Biblioteca del Ateneo de Madrid Biblioteca del Ateneo de Madrid Depósito 2 29/08/2008     L-29660 1177743 23/02/2023 23/02/2023 Libro impreso